| 000 | 01623nam a2200361Ia 4500 | ||
|---|---|---|---|
| 001 | dia_6337 | ||
| 003 | CHAP | ||
| 005 | 20251027145919.0 | ||
| 008 | 220117s2000 xx 000 0 und d | ||
| 010 | _a177817 | ||
| 020 | _a968-884-683-X | ||
| 040 | _cCHAP | ||
| 082 | _a341.759 E88 2000 | ||
| 111 |
_aSeminario Internacional de Transferencia de Tecnología (1997 sep. : Texcoco, Estado de México) _9162257 |
||
| 245 |
_aEstrategias de transferencia en tecnología / _c coordinación Bernardino Mata García y Ibis Sepúlveda González |
||
| 260 |
_aMéxico : _b Universidad Autónoma Chapingo, _c2000 |
||
| 300 | _a219 p. | ||
| 504 | _aIncluye bibliografías | ||
| 590 | _aHC140.T4 E88 2000 | ||
| 650 |
_aAgricultura _xTransferencia de tecnología _xMéxico _xCongresos, conferencias, etc. _9162258 |
||
| 650 |
_aAgriculture _xTechnology transfer _xMexico _xCongresses _9162259 |
||
| 650 |
_aDesarrollo rural _xMéxico _xCongresos, conferencias, etc. _9162260 |
||
| 650 |
_aRural development _xMexico _xCongresses _9162261 |
||
| 650 |
_aTechnology transfer _xEconomic aspects _xMexico _xCongresses _9162262 |
||
| 650 |
_aTransferencia de tecnología _xAspectos económicos _xMéxico _xCongresos, conferencias, etc. _9162263 |
||
| 700 |
_aMata García, Bernardino, coord. _9144246 |
||
| 700 |
_aSepúlveda González, Ibis, coord. _9162264 |
||
| 711 |
_aSeminario Internacional de Transferencia de Tecnología (1997 sep. : Texcoco, Estado de México) _9162257 |
||
| 901 | _a341.759 E88 2000 | ||
| 902 | _aA | ||
| 905 | _a5232272000 mx imn 8223323322spa16 | ||
| 942 |
_cLIBRO _2ddc |
||
| 999 |
_c177817 _d177817 |
||